000 00303nam a2200109Ia 4500
001 1272351
005 20260417151426.0
008 260417s9999 xx 000 0 und d
020 _a9786255998576
245 0 _aÇocuklar için Su Altı Yaşamı Ansiklopedisi
_cBohdana Jarosova
260 _bKetebe Çocuk
999 _c1272351
_d1272351